Statistiques concernant Quiz entraîneurs de football

Cliquez ici pour prendre le quiz!

Statistiques générales

  • Ce quiz a été pris 163 fois
  • Le résultat moyen est 12 sur 15

Statistiques - réponses

QuestionRéponse% Correct
Avec quel club de football le coach Arsène Wenger a-t-il constitué la majeure partie de son palmarès ?Arsenal
99%
Quel entraîneur espagnol a rejoint le PSG lors de la saison 2023 ?Luis Enrique
93%
Qui était l’entraîneur de l’Équipe de France lors du sacre en Coupe du monde 1998 ?Aimé Jacquet
91%
Quel est l'entraineur actuel du Bayer Leverkusen ?Xabi Alonso
91%
À quel club de football français associe-t-on l'entraîneur Guy Roux ?Auxerre
89%
Quel entraîneur de foot français possède le plus de trophées de Ligue des Champions ?Zinedine Zidane
89%
Qui était l’entraîneur emblématique de l’équipe d’Allemagne de football masculin entre 2006 et 2021 ?Joachim Low
86%
Qui est le premier entraîneur de l’Histoire du football à remporter au cours de sa carrière : la Ligue des champions, l’Europa League et l’Europa Conference League ?José Mourinho
85%
Carlo Ancelotti est l'entraîneur de foot qui détient le record de victoires en Ligue des Champions. Vrai ou faux ?Vrai
83%
Didier Deschamps est le 1ᵉʳ français à remporter la Coupe du monde de football en tant que joueur et en tant qu'entraîneur. Vrai ou faux ?Vrai
81%
Quel entraîneur de football argentin, notamment passé par l’OM, est surnommé « El Loco » ?Marcelo Bielsa
77%
Quel entraineur de football n’a jamais remporté la Ligue des Champions ?Massimiliano Alegri
75%
Louis Van Gaal est l’entraîneur hollandais de foot considéré comme l’inventeur du « football total » de l’époque de l'Ajax d’Amsterdam de Johan Cruyff. Vrai ou faux ?Faux
72%
Parmi ces propositions, qui n’a pas gagné la Ligue des Champions de football en tant que joueur et en tant qu’entraîneur ?Felipe Scolari
54%
Parmi ces grands entraîneurs de l’Histoire du football, lequel n’est pas passé par Manchester United ?Bob Paisley
27%

Distribution des résultats

Percentile par nombre de réponses

% des personnes avec chaque résultat

Votre développement - résultats

Vous n’avez pas pris ce quiz